000
00299nam a2200145Ia 4500
100
_a
None
650
_a
Electrical Engineering
942
_c
BK
654
_a
Terminology
245
_a
Terminology
260
_b
E.I.T.B
_a
England
_c
1980
082
_a
621
_b
ITB
300
_a
100
546
_a
ENGLISH
999
_c
18824
_d
18824